ZŁE POSTACIE SERII KSIĄŻEK HARRY POTTER - Statystyki

Ogólne statystyki
  • Ten quiz został rozwiązany 459 razy
  • Średni wynik to 3 z 5
Statystyki odpowiedzi
Odpowiedź % Poprawnych
LORD VOLDEMORT
92%
BELLATRIX LESTRANGE
67%
DRACO MALFOY
49%
SEVERUS SNAPE
49%
PETER PETTIGREW
30%
Nie znaleziono quizów pasujących do podanych kryteriów
Rozkład punktacji
Procent ludzi z każdym wynikiem
Percentyl według liczby udzielonych odpowiedzi
Twoja historia wyników
Nie rozwiązałeś tego quizu